000 00963nam a2200325 4500
001 33498
003 BD-RjUL
005 20211209052023.0
008 140508r19641963nyu b 001 0 eng
029 1 _bb6313182
035 _a(OCoLC)ocm01060667
035 _a(BD-RjUL)33589
035 _a(NNC)1524472
040 _aDLC
_cCSU
_dSER
_dUKM
_dBD-RjUL
_beng
041 _aeng
082 _a301.15
_bPER 1964
245 1 0 _aPersonality and social systems /
_cedited by Neil J. Smelser and William T. Smelser.
260 _aNew York :
_bWiley,
_c1963 [printing 1966]
300 _axi, 660 p. ;
_c25 cm.
504 _aIncludes bibliographies. and index.
650 0 _aPersonality.
_9101656
650 0 _aSocial psychology.
_9101657
650 0 _aInterpersonal relations.
_9101658
700 1 _aSmelser, William T.,
_9101659
700 1 _aSmelser, Neil J.,
_98991
942 _2ddc
_cBK
999 _c33498
_d33498